[Event "IECC TH-M-3309"]
[Site "IECC email"]
[Date "2018.07.09"]
[Round "?"]
[White "Martins, Karin"]
[Black "Sedlacek, Jan"]
[Result "1-0"]
[WhiteElo "1966"]
[BlackElo "1813"]
[PlyCount "37"]
[EventDate "2018.??.??"]
[EventType "tourn (corr)"]
[SourceTitle "Corr 2020"]
[Source "ChessBase"]
[SourceDate "2019.09.30"]
[SourceVersion "1"]
[SourceVersionDate "2019.09.30"]
[SourceQuality "1"]
[WhiteTeam "Germany"]
[BlackTeam "Czech Republic"]
[WhiteTeamCountry "GER"]
[BlackTeamCountry "CZE"]

1. e4 e5 2. Nf3 d6 3. d4 exd4 4. Nxd4 Nf6 5. Nc3 Nbd7 6. Bg5 g6 7. Qd2 Bg7 8. 0-0-0 0-0 9. h4 Qe8 10. Ndb5 Qd8 11. h5 a6 12. Nd4 h6 13. Bxh6 Bxh6 14. Qxh6 Ng4 15. Qd2 g5 16. Rh3 Nde5 17. Rg3 f6 18. f4 Nf7 19. Bc4 1-0

[Event "TH-S-1064"]
[Site "IECC email"]
[Date "2018.05.21"]
[Round "?"]
[White "Martins, Karin"]
[Black "Sedlacek, Jan"]
[Result "1-0"]
[WhiteElo "1991"]
[BlackElo "1842"]
[PlyCount "39"]
[EventDate "2018.??.??"]
[EventType "tourn (corr)"]
[SourceTitle "Corr 2020"]
[Source "ChessBase"]
[SourceDate "2019.09.30"]
[SourceVersion "1"]
[SourceVersionDate "2019.09.30"]
[SourceQuality "1"]
[WhiteTeam "Germany"]
[BlackTeam "Czech Republic"]
[WhiteTeamCountry "GER"]
[BlackTeamCountry "CZE"]

1. e4 Nf6 2. e5 Nd5 3. c4 Nb6 4. c5 Nd5 5. d4 b6 6. Bc4 e6 7. cxb6 Nxb6 8. Bd3 Bb7 9. Nf3 c5 10. dxc5 Bxc5 11. 0-0 Na6 12. a3 Rc8 13. b4 Be7 14. Bb2 0-0 15. Nbd2 d6 16. Qe2 Nb8 17. Rac1 Bd5 18. exd6 Bxd6 19. Rxc8 Qxc8 20. Ng5 1-0

[Event "IECC O-4656"]
[Site "IECC email"]
[Date "2018.01.24"]
[Round "?"]
[White "Sedlacek, Jan"]
[Black "Moore, Ian"]
[Result "1-0"]
[WhiteElo "1849"]
[BlackElo "1700"]
[PlyCount "23"]
[EventDate "2018.??.??"]
[EventType "swiss (corr)"]
[EventRounds "2"]
[SourceTitle "Corr 2020"]
[Source "ChessBase"]
[SourceDate "2019.09.30"]
[SourceVersion "1"]
[SourceVersionDate "2019.09.30"]
[SourceQuality "1"]
[WhiteTeam "Czech Republic"]
[BlackTeam "United States"]
[WhiteTeamCountry "CZE"]
[BlackTeamCountry "USA"]

1. e4 c5 2. Nf3 Nc6 3. d4 cxd4 4. Nxd4 g6 5. c4 Bg7 6. Be3 d6 7. Nc3 Nf6 8. Be2 0-0 9. 0-0 Ng4 10. Bxg4 Bxg4 11. Nxc6 Qd7 12. Nxe7+ 1-0

[Event "Hradec Kralove op"]
[Site "Hradec Kralove"]
[Date "2015.10.11"]
[Round "9"]
[White "Sedlacek, Jan"]
[Black "Hellmich, Juergen"]
[Result "1-0"]
[WhiteElo "1920"]
[BlackElo "1873"]
[PlyCount "53"]
[EventDate "2015.10.04"]
[EventType "swiss"]
[EventRounds "9"]
[EventCountry "CZE"]
[SourceTitle "CBM 168 Extra"]
[Source "ChessBase"]
[SourceDate "2015.10.29"]
[SourceVersion "1"]
[SourceVersionDate "2015.10.29"]
[SourceQuality "1"]

1. e4 d5 2. exd5 Nf6 3. d4 Bg4 4. Be2 Bxe2 5. Qxe2 Qxd5 6. Nf3 Nc6 7. c4 Qf5 8. 0-0 0-0-0 9. Be3 e5 10. d5 Nb4 11. Nc3 Nc2 12. Rac1 Nxe3 13. Qxe3 Bd6 14. c5 e4 15. Qg5 Qxg5 16. Nxg5 Bf4 17. Nxf7 Bxc1 18. Rxc1 Rhe8 19. Nxd8 Kxd8 20. Re1 Kd7 21. h3 b6 22. c6+ Kd6 23. Nb5+ Kc5 24. Nxc7 Re7 25. Ne6+ Kxd5 26. c7 Re8 27. Nd8 1-0

[Event "Hradec Kralove op"]
[Site "Hradec Kralove"]
[Date "2015.10.09"]
[Round "7"]
[White "Sedlacek, Jan"]
[Black "Vit, Jakub"]
[Result "0-1"]
[WhiteElo "1920"]
[BlackElo "1705"]
[PlyCount "58"]
[EventDate "2015.10.04"]
[EventType "swiss"]
[EventRounds "9"]
[EventCountry "CZE"]
[SourceTitle "CBM 168 Extra"]
[Source "ChessBase"]
[SourceDate "2015.10.29"]
[SourceVersion "1"]
[SourceVersionDate "2015.10.29"]
[SourceQuality "1"]

1. e4 c5 2. d3 d6 3. g3 Nf6 4. Bg2 g6 5. Ne2 Bg7 6. 0-0 0-0 7. h3 Nc6 8. f4 Qb6 9. Kh2 Bd7 10. Nd2 Rac8 11. c3 Qc7 12. Nf3 b5 13. Qc2 a5 14. Be3 b4 15. Nh4 Rb8 16. Qd2 a4 17. d4 Na5 18. Qc1 Nc4 19. Bg1 bxc3 20. Qxc3 Rxb2 21. e5 cxd4 22. Bxd4 Rxe2 23. exf6 Bxf6 24. Bxf6 exf6 25. Rac1 Rc8 26. Qxf6 Qb6 27. f5 d5 28. fxg6 Qxf6 29. Rxf6 hxg6 0-1

[Event "CZE-ch Seniors 60"]
[Site "Rychnov nad Kneznou"]
[Date "2015.08.22"]
[Round "8"]
[White "Sedlacek, Jan"]
[Black "Pokorny, Jan"]
[Result "1/2-1/2"]
[WhiteElo "1909"]
[BlackElo "1803"]
[PlyCount "134"]
[EventDate "2015.08.15"]
[EventType "swiss"]
[EventRounds "9"]
[EventCountry "CZE"]
[SourceTitle "EXT 2016"]
[Source "ChessBase"]
[SourceDate "2015.10.08"]
[SourceVersion "1"]
[SourceVersionDate "2015.10.08"]
[SourceQuality "1"]

1. e4 d6 2. d4 Nf6 3. Nc3 g6 4. f4 Bg7 5. Nf3 c6 6. h3 0-0 7. Bd3 Na6 8. Be3 b5 9. 0-0 Nc7 10. a4 b4 11. Ne2 a5 12. Ng3 Ba6 13. c4 bxc3 14. bxc3 Nd7 15. Rb1 c5 16. Qd2 Bxd3 17. Qxd3 Rb8 18. dxc5 Nxc5 19. Qc4 Qd7 20. Bxc5 Rxb1 21. Rxb1 dxc5 22. Qxc5 Qd3 23. Rb7 Ne6 24. Qxa5 Nxf4 25. Qb5 Qxc3 26. Kh2 Qc2 27. Ne1 Qd1 28. Qf1 Be5 29. Nf3 Qd6 30. Qb5 Bc3 31. Rd7 Qb4 32. Qxb4 Bxb4 33. Rd4 Ba5 34. e5 Ne6 35. Rd5 Ra8 36. Nd4 Nxd4 37. Rxd4 Bc7 38. Re4 Ra5 39. Ne2 Bxe5+ 40. Kg1 f5 41. Rc4 Kf7 42. Nc1 Rd5 43. Nb3 Bg3 44. Kf1 Re5 45. Rc1 Re6 46. Rb1 Re4 47. Ra1 Be5 48. Ra2 Rb4 49. Nc5 Rb1+ 50. Ke2 Rb2+ 51. Rxb2 Bxb2 52. Kd3 Be5 53. a5 Bb8 54. Nd7 Ba7 55. Ne5+ Ke6 56. Nc6 Bc5 57. a6 Kd6 58. a7 Bxa7 59. Nxa7 Kc5 60. Nc8 e5 61. Ke3 Kd5 62. Nb6+ Ke6 63. Kd3 g5 64. g4 fxg4 65. hxg4 h5 66. gxh5 Kf5 67. Nd7 g4 1/2-1/2

[Event "CZE-ch Seniors 60"]
[Site "Rychnov nad Kneznou"]
[Date "2015.08.17"]
[Round "3"]
[White "Uhmann, Jan"]
[Black "Sedlacek, Jan"]
[Result "1-0"]
[WhiteElo "2019"]
[BlackElo "1909"]
[PlyCount "159"]
[EventDate "2015.08.15"]
[EventType "swiss"]
[EventRounds "9"]
[EventCountry "CZE"]
[SourceTitle "EXT 2016"]
[Source "ChessBase"]
[SourceDate "2015.10.08"]
[SourceVersion "1"]
[SourceVersionDate "2015.10.08"]
[SourceQuality "1"]

1. d4 d5 2. c4 e6 3. Nc3 Nf6 4. Bg5 Be7 5. Nf3 Nbd7 6. e3 0-0 7. Rc1 c6 8. a3 Re8 9. Bd3 dxc4 10. Bxc4 Nd5 11. Bxe7 Qxe7 12. 0-0 Nxc3 13. Rxc3 e5 14. Ba2 e4 15. Nd2 Nf6 16. f3 Be6 17. Bxe6 Qxe6 18. fxe4 Nxe4 19. Nxe4 Qxe4 20. Qf3 Qxf3 21. gxf3 Rad8 22. Kf2 f5 23. Rd1 Kf7 24. Ke2 Re6 25. Kd3 Rde8 26. Re1 Rh6 27. Rc2 Rh3 28. Rf2 g5 29. Kc4 Ke6 30. e4 f4 31. Rg1 h6 32. Rd1 Kd6 33. e5+ Ke6 34. a4 Rd8 35. b4 a6 36. a5 Rd5 37. Rd3 Rb5 38. Rc3 Rd5 39. Kd3 Rb5 40. Kc4 Rd5 41. Rd3 Rb5 42. Rb3 Rd5 43. Kd3 Rb5 44. Ke4 Rd5 45. Rfb2 Rb5 46. Rd3 Rd5 47. Rc3 g4 48. Rd2 Rxf3 49. Rxf3 gxf3 50. Rf2 Rb5 51. Rxf3 Rxb4 52. Rxf4 c5 53. Rf6+ Ke7 54. Rxh6 cxd4 55. Kf5 d3 56. Re6+ Kf7 57. Rd6 Rh4 58. Rd7+ Ke8 59. Rxd3 Rh5+ 60. Ke6 Rh6+ 61. Kd5 Rxh2 62. Rb3 Rd2+ 63. Ke6 Rd7 64. Rb6 Re7+ 65. Kf5 Rf7+ 66. Rf6 Rc7 67. Re6+ Kf7 68. Rh6 Kg7 69. Rg6+ Kf7 70. e6+ Kf8 71. Kf6 Rc6 72. Rg2 Rd6 73. Rb2 Rd1 74. Rxb7 Rf1+ 75. Ke5 Re1+ 76. Kd6 Rd1+ 77. Kc6 Re1 78. Kd7 Rd1+ 79. Kc8 Ra1 80. Kd8 1-0

[Event "CZE-ch Seniors 60"]
[Site "Rychnov nad Kneznou"]
[Date "2015.08.16"]
[Round "2"]
[White "Sedlacek, Jan"]
[Black "Zikavsky, Rudolf"]
[Result "1-0"]
[WhiteElo "1909"]
[BlackElo "1645"]
[PlyCount "39"]
[EventDate "2015.08.15"]
[EventType "swiss"]
[EventRounds "9"]
[EventCountry "CZE"]
[SourceTitle "EXT 2016"]
[Source "ChessBase"]
[SourceDate "2015.10.08"]
[SourceVersion "1"]
[SourceVersionDate "2015.10.08"]
[SourceQuality "1"]

1. e4 e5 2. Nf3 Nc6 3. Bb5 d6 4. d4 exd4 5. Nxd4 Bd7 6. Nc3 Be7 7. 0-0 h6 8. Nd5 Bg5 9. f4 Bf6 10. Nxf6+ Nxf6 11. e5 dxe5 12. fxe5 Nh7 13. e6 fxe6 14. Qh5+ Ke7 15. Rf7+ Kd6 16. Bf4+ e5 17. Nxc6 Qe8 18. Bxe5+ Kc5 19. Bd4+ Kd6 20. Bc5+ 1-0

[Event "Hradec Kralove op"]
[Site "Hradec Kralove"]
[Date "2014.10.23"]
[Round "7"]
[White "Sedlacek, Jan"]
[Black "Bohman, Leif"]
[Result "1/2-1/2"]
[WhiteElo "1912"]
[BlackElo "1785"]
[PlyCount "87"]
[EventDate "2014.10.18"]
[EventType "swiss"]
[EventRounds "9"]
[EventCountry "CZE"]
[SourceTitle "EXT 2015"]
[Source "ChessBase"]
[SourceDate "2014.11.20"]
[SourceVersion "1"]
[SourceVersionDate "2014.11.20"]
[SourceQuality "1"]

1. e4 e6 2. d4 d5 3. exd5 exd5 4. Bd3 Bd6 5. Qf3 Ne7 6. Ne2 Nd7 7. 0-0 c6 8. Bf4 Qc7 9. Re1 0-0 10. Nd2 Ng6 11. Bxd6 Qxd6 12. Ng3 Nf6 13. Nf5 Bxf5 14. Qxf5 Rae8 15. Nf3 Nf4 16. Ne5 Nxd3 17. Qxd3 Nd7 18. Qf5 Nxe5 19. dxe5 Qe6 20. Qxe6 Rxe6 21. f4 Rfe8 22. Kf2 h5 23. h4 Kf8 24. Re3 f6 25. Rae1 fxe5 26. Rxe5 Kf7 27. Rf5+ Rf6 28. Rxf6+ gxf6 29. Rxe8 Kxe8 30. f5 c5 31. Kf3 a5 32. a4 Kf7 33. Ke3 Ke7 34. c3 Kf7 35. Kf4 Kg7 36. g3 Kh6 37. Ke3 Kg7 38. Kd3 Kf7 39. Kd2 Ke7 40. Ke3 Kf7 41. Kf4 Kg7 42. Ke3 Kf7 43. Kd3 Ke7 44. Ke3 1/2-1/2

[Event "Hradec Kralove op"]
[Site "Hradec Kralove"]
[Date "2014.10.21"]
[Round "5"]
[White "Skorna, Ullrich"]
[Black "Sedlacek, Jan"]
[Result "1-0"]
[WhiteElo "2153"]
[BlackElo "1912"]
[PlyCount "75"]
[EventDate "2014.10.18"]
[EventType "swiss"]
[EventRounds "9"]
[EventCountry "CZE"]
[SourceTitle "EXT 2015"]
[Source "ChessBase"]
[SourceDate "2014.11.20"]
[SourceVersion "1"]
[SourceVersionDate "2014.11.20"]
[SourceQuality "1"]

1. e4 c5 2. b3 e5 3. Bb2 d6 4. Bc4 Nf6 5. Nc3 a6 6. Nge2 b5 7. Bd5 Ra7 8. a3 Bb7 9. Bxb7 Rxb7 10. Ng3 d5 11. Nxd5 Nxd5 12. exd5 Qxd5 13. 0-0 Nc6 14. a4 b4 15. Qe2 Ra7 16. f4 Nd4 17. Bxd4 Qxd4+ 18. Kh1 f6 19. Rae1 g6 20. fxe5 f5 21. Rf3 Qd5 22. Rd3 Qe6 23. Qf1 Kf7 24. Ne4 Be7 25. Rd6 Qc8 26. Rd5 Rd8 27. Nd6+ Bxd6 28. Rxd6 Ke7 29. Qc4 Rxd6 30. exd6+ Kxd6 31. d4 Rc7 32. dxc5+ Rxc5 33. Qxb4 Kc6 34. c3 a5 35. Qd4 Qd7 36. Qf6+ Qd6 37. Re6 Rd5 38. g3 1-0

[Event "Nachod op 11th"]
[Site "Nachod"]
[Date "2013.07.01"]
[Round "3"]
[White "Vrnata, Jiri"]
[Black "Sedlacek, Jan"]
[Result "1-0"]
[WhiteElo "2042"]
[BlackElo "1899"]
[PlyCount "95"]
[EventDate "2013.06.29"]
[EventType "swiss"]
[EventRounds "9"]
[EventCountry "CZE"]
[SourceTitle "CBM 155 Extra"]
[Source "ChessBase"]
[SourceDate "2013.08.26"]
[SourceVersion "1"]
[SourceVersionDate "2013.08.26"]
[SourceQuality "1"]

1. e4 c5 2. Nf3 d6 3. Bb5+ Bd7 4. Bxd7+ Qxd7 5. 0-0 Nc6 6. d3 e6 7. Nbd2 Nf6 8. Ne1 d5 9. exd5 exd5 10. Nef3 Be7 11. Re1 0-0 12. Nf1 Rfe8 13. Bg5 Ng4 14. Bxe7 Rxe7 15. Rxe7 Qxe7 16. Ng3 Re8 17. Qd2 Nce5 18. Nxe5 Qxe5 19. Qc3 Qxc3 20. bxc3 g6 21. h3 Nf6 22. Rb1 b6 23. f3 Nd7 24. Kf2 f5 25. f4 Kf7 26. Ne2 Nf6 27. Ng1 Nd7 28. Nf3 Kf6 29. g4 h6 30. g5+ hxg5 31. Nxg5 Nb8 32. Nf3 Nc6 33. a3 Re7 34. h4 Re8 35. Rh1 Rh8 36. Re1 Rh7 37. Re8 Re7 38. Rc8 Re6 39. Rc7 Rd6 40. Ng5 Ne7 41. Rxa7 d4 42. c4 Rd8 43. Rb7 Rd6 44. a4 Rc6 45. Rd7 Rc8 46. Rd6+ Kg7 47. Rxb6 Ra8 48. Ne6+ 1-0

[Event "Rychnov Seniors op"]
[Site "Rychnov nad Kneznou"]
[Date "2012.08.25"]
[Round "6"]
[White "Most, Zdenek"]
[Black "Sedlacek, Jan"]
[Result "1-0"]
[WhiteElo "2055"]
[BlackElo "1911"]
[PlyCount "55"]
[EventDate "2012.08.20"]
[EventType "swiss"]
[EventRounds "9"]
[EventCountry "CZE"]
[SourceTitle "CBM 150 Extra"]
[Source "ChessBase"]
[SourceDate "2012.10.19"]
[SourceVersion "1"]
[SourceVersionDate "2012.10.19"]
[SourceQuality "1"]

1. d4 d5 2. Nf3 Nf6 3. c4 e6 4. g3 Be7 5. Bg2 0-0 6. 0-0 c5 7. cxd5 exd5 8. Nc3 Nc6 9. dxc5 d4 10. Na4 Ne4 11. b3 Nxc5 12. Nxc5 Bxc5 13. Bb2 Bf5 14. Rc1 Qd6 15. Nh4 Be6 16. Qc2 Ba3 17. Qd2 Bxb2 18. Qxb2 Bd5 19. Nf5 Qe5 20. Bxd5 Qxd5 21. Rxc6 Qxf5 22. Rd6 Rad8 23. Rxd4 Rxd4 24. Qxd4 b6 25. Rc1 Rc8 26. Rc7 Qe6 27. Qd5 Qe8 28. Qxf7+ 1-0

[Event "Nachod op"]
[Site "Nachod"]
[Date "2012.07.08"]
[Round "9"]
[White "Vagner, Patrik"]
[Black "Sedlacek, Jan"]
[Result "0-1"]
[WhiteElo "1734"]
[BlackElo "1919"]
[PlyCount "58"]
[EventDate "2012.06.30"]
[EventType "swiss"]
[EventRounds "9"]
[EventCountry "CZE"]
[SourceTitle "CBM 149 Extra"]
[Source "ChessBase"]
[SourceDate "2012.08.24"]
[SourceVersion "1"]
[SourceVersionDate "2012.08.24"]
[SourceQuality "1"]

1. d4 Nf6 2. c4 g6 3. Nc3 Bg7 4. e4 d6 5. Nf3 0-0 6. Be2 c6 7. 0-0 Nbd7 8. Qc2 a5 9. Rb1 e5 10. dxe5 dxe5 11. Rd1 Qe7 12. b3 Ne8 13. Ne1 Nc7 14. Bg4 Nf6 15. Bxc8 Rfxc8 16. Nd3 Nd7 17. Qe2 Ne6 18. Bb2 Nd4 19. Qd2 f5 20. f3 Nf8 21. Ne2 fxe4 22. fxe4 Qh4 23. Nxd4 exd4 24. Qe2 Ne6 25. g3 Qe7 26. c5 Nxc5 27. Ba3 Qxe4 28. Qxe4 Nxe4 29. Nf4 Nc3 0-1

[Event "Nachod op"]
[Site "Nachod"]
[Date "2012.07.07"]
[Round "8"]
[White "Sedlacek, Jan"]
[Black "Postupa, Pavel"]
[Result "0-1"]
[WhiteElo "1919"]
[BlackElo "2038"]
[PlyCount "72"]
[EventDate "2012.06.30"]
[EventType "swiss"]
[EventRounds "9"]
[EventCountry "CZE"]
[SourceTitle "CBM 149 Extra"]
[Source "ChessBase"]
[SourceDate "2012.08.24"]
[SourceVersion "1"]
[SourceVersionDate "2012.08.24"]
[SourceQuality "1"]

1. e4 c5 2. Nf3 e6 3. Be2 Nc6 4. 0-0 Nf6 5. Nc3 Qc7 6. d4 cxd4 7. Nxd4 Bb4 8. Ndb5 Qb8 9. a3 Be7 10. Be3 d6 11. f3 Bd7 12. Qe1 a6 13. Nd4 0-0 14. g4 h6 15. h4 Nh7 16. f4 Qd8 17. Nf3 Nf6 18. Qg3 h5 19. Ng5 Nxg4 20. Bxg4 hxg4 21. Qxg4 g6 22. Nf3 Qa5 23. e5 d5 24. h5 Bc5 25. hxg6 Bxe3+ 26. Kg2 Ne7 27. g7 Rfc8 28. Rh1 Ng6 29. Ng5 Be8 30. Rh5 Nxf4+ 31. Kf3 Nxh5 32. Qxh5 Kxg7 33. Nh7 Rxc3 34. Qg4+ Kxh7 35. Rh1+ Bh6+ 36. bxc3 Qxc3+ 0-1

[Event "Nachod op"]
[Site "Nachod"]
[Date "2012.07.06"]
[Round "7"]
[White "Hronik, Petr"]
[Black "Sedlacek, Jan"]
[Result "1/2-1/2"]
[WhiteElo "1955"]
[BlackElo "1919"]
[PlyCount "40"]
[EventDate "2012.06.30"]
[EventType "swiss"]
[EventRounds "9"]
[EventCountry "CZE"]
[SourceTitle "CBM 149 Extra"]
[Source "ChessBase"]
[SourceDate "2012.08.24"]
[SourceVersion "1"]
[SourceVersionDate "2012.08.24"]
[SourceQuality "1"]

1. d4 d5 2. Bf4 Nf6 3. e3 e6 4. Nf3 Bd6 5. Ne5 0-0 6. Bd3 c5 7. c3 cxd4 8. exd4 Nc6 9. Nd2 g6 10. h4 Nh5 11. Bh2 Nxe5 12. Bxe5 Bxe5 13. dxe5 Nf4 14. Qf3 Nxd3+ 15. Qxd3 f5 16. f4 h5 17. Nf3 Kg7 18. 0-0-0 Qa5 19. Kb1 Bd7 20. Nd4 Rac8 1/2-1/2

[Event "Nachod op"]
[Site "Nachod"]
[Date "2012.06.30"]
[Round "1"]
[White "Jirka, Jiri"]
[Black "Sedlacek, Jan"]
[Result "1/2-1/2"]
[WhiteElo "2408"]
[BlackElo "1919"]
[PlyCount "108"]
[EventDate "2012.06.30"]
[EventType "swiss"]
[EventRounds "9"]
[EventCountry "CZE"]
[SourceTitle "CBM 149 Extra"]
[Source "ChessBase"]
[SourceDate "2012.08.24"]
[SourceVersion "1"]
[SourceVersionDate "2012.08.24"]
[SourceQuality "1"]

1. d4 d5 2. Nf3 Nf6 3. g3 e6 4. Bg2 Be7 5. 0-0 0-0 6. c4 c6 7. Qc2 b6 8. Rd1 Bb7 9. Nc3 Nbd7 10. b3 Rc8 11. e4 dxe4 12. Ng5 h6 13. Ngxe4 Nxe4 14. Qxe4 Nf6 15. Qe2 Qc7 16. Bf4 Bd6 17. Bxd6 Qxd6 18. a3 Rfd8 19. b4 Ba6 20. f4 Qb8 21. Qa2 Rd7 22. c5 Rcd8 23. Bxc6 Rxd4 24. Rxd4 Rxd4 25. b5 Bc8 26. Ne2 Rd8 27. Qc2 bxc5 28. Qxc5 Qb6 29. Qxb6 axb6 30. Rc1 Kf8 31. Nc3 Rd4 32. Kf2 Bd7 33. Ke3 Rc4 34. Kd3 Rc5 35. Bxd7 Nxd7 36. a4 Ke7 37. Ra1 Rc7 38. Ra3 Nc5+ 39. Ke2 Kd6 40. a5 bxa5 41. Rxa5 Rb7 42. Ke3 Kc7 43. g4 Kb6 44. Ra2 Rd7 45. Rd2 Rxd2 46. Kxd2 Nb3+ 47. Kd3 Kc5 48. Ne4+ Kxb5 49. Nd6+ Kc5 50. Nxf7 Kd5 51. Ke3 Nd4 52. h4 Nc2+ 53. Kf3 Nd4+ 54. Ke3 Nc2+ 1/2-1/2

[Event "Hradec Kralove op"]
[Site "Hradec Kralove"]
[Date "2012.05.13"]
[Round "2"]
[White "Sedlacek, Jan"]
[Black "Braun, Marek"]
[Result "0-1"]
[WhiteElo "1919"]
[BlackElo "2167"]
[PlyCount "80"]
[EventDate "2012.05.12"]
[EventType "swiss"]
[EventRounds "9"]
[EventCountry "CZE"]
[SourceTitle "CBM 148 Extra"]
[Source "ChessBase"]
[SourceDate "2012.06.22"]
[SourceVersion "1"]
[SourceVersionDate "2012.06.22"]
[SourceQuality "1"]

1. e4 c5 2. Nf3 e6 3. d3 d5 4. Nbd2 Nc6 5. g3 Nf6 6. Bg2 Be7 7. 0-0 Qc7 8. Re1 b6 9. c3 Bb7 10. Nf1 0-0-0 11. e5 Nd7 12. d4 h6 13. a3 c4 14. N1d2 b5 15. b4 cxb3 16. Nxb3 Nb6 17. Bf1 a6 18. Re2 Kb8 19. Ne1 Na4 20. Qc2 Rc8 21. Nd3 Na7 22. Bd2 Nxc3 23. Bxc3 Qxc3 24. Ndc5 Qxc2 25. Rxc2 Bxc5 26. Nxc5 Nc6 27. Nb3 Rc7 28. a4 b4 29. a5 Rhc8 30. Rac1 Ne7 31. Rxc7 Rxc7 32. Rxc7 Kxc7 33. Kg2 Nc6 34. f4 Nb8 35. Kf2 Bc6 36. Ke3 Kb7 37. Nc5+ Ka7 38. Bd3 Bb5 39. Ke2 Nc6 40. Nb3 Bc4 0-1

[Event "Nachod op 9th"]
[Site "Nachod"]
[Date "2011.07.05"]
[Round "4.34"]
[White "Kozusek, Daniel"]
[Black "Sedlacek, Jan"]
[Result "1-0"]
[WhiteElo "1728"]
[BlackElo "1959"]
[PlyCount "47"]
[EventDate "2011.07.02"]
[EventType "swiss"]
[EventRounds "9"]
[EventCountry "CZE"]
[SourceTitle "EXT 2012"]
[Source "ChessBase"]
[SourceDate "2011.11.24"]
[SourceVersion "1"]
[SourceVersionDate "2011.11.24"]
[SourceQuality "1"]

1. c4 e5 2. Nc3 Nf6 3. g3 d5 4. cxd5 Nxd5 5. Bg2 Nb6 6. Nf3 Nc6 7. 0-0 Be7 8. d3 0-0 9. a3 Be6 10. b4 a6 11. Bb2 f5 12. Rc1 Bf6 13. Nd2 Nd5 14. Na4 Nce7 15. Nc5 Bc8 16. Qb3 b6 17. e4 fxe4 18. dxe4 c6 19. exd5 cxd5 20. Nd3 Qd6 21. Ne4 Qe6 22. Nxf6+ gxf6 23. Rce1 Bb7 24. f4 1-0

[Event "Nachod op 9th"]
[Site "Nachod"]
[Date "2011.07.04"]
[Round "3.28"]
[White "Sedlacek, Jan"]
[Black "Veznik, Michael"]
[Result "0-1"]
[WhiteElo "1959"]
[BlackElo "1822"]
[PlyCount "107"]
[EventDate "2011.07.02"]
[EventType "swiss"]
[EventRounds "9"]
[EventCountry "CZE"]
[SourceTitle "EXT 2012"]
[Source "ChessBase"]
[SourceDate "2011.11.24"]
[SourceVersion "1"]
[SourceVersionDate "2011.11.24"]
[SourceQuality "1"]

1. e4 Nc6 2. d4 d5 3. e5 Bf5 4. Nf3 e6 5. Bd3 Bg6 6. c3 Be7 7. Bf4 Qd7 8. 0-0 0-0-0 9. b4 f6 10. a4 fxe5 11. dxe5 Nh6 12. a5 Rdf8 13. Bg3 Nb8 14. Na3 c6 15. Nc2 Nf5 16. Ncd4 Rf7 17. Nxf5 Bxf5 18. Nd4 Bxd3 19. Qxd3 g5 20. f4 gxf4 21. Rxf4 Rxf4 22. Bxf4 c5 23. Nc2 Na6 24. Rb1 Qa4 25. Bd2 Nc7 26. Be3 c4 27. Qd2 Qe8 28. Bxa7 Rg8 29. Be3 Nb5 30. Nd4 Qg6 31. Rb2 Na3 32. g3 h5 33. Nc2 Nb5 34. Nd4 Nc7 35. Ne2 h4 36. Bf4 hxg3 37. Bxg3 Bg5 38. Qd4 Qh6 39. Kf1 Be3 40. Qh4 Qf8+ 41. Qf6 Qe8 42. Ke1 Qa4 43. Rb1 Qc2 44. Rd1 Qe4 45. Qf7 Rd8 46. Qf6 Kd7 47. Qf7+ Kc8 48. Qf6 d4 49. Bf2 d3 50. Bxe3 Qxe3 51. Rd2 Rg8 52. Qf2 Rg1+ 53. Qxg1 Qe4 54. Kf1 0-1

[Event "Rychnov op"]
[Site "Rychnov nad Kneznou"]
[Date "2010.08.29"]
[Round "7"]
[White "Sedlacek, Jan"]
[Black "Most, Zdenek"]
[Result "1/2-1/2"]
[WhiteElo "1982"]
[BlackElo "2139"]
[PlyCount "97"]
[EventDate "2010.08.23"]
[EventType "swiss"]
[EventRounds "7"]
[EventCountry "CZE"]
[SourceTitle "CBM 138 Extra"]
[Source "ChessBase"]
[SourceDate "2010.10.29"]
[SourceVersion "1"]
[SourceVersionDate "2010.10.29"]
[SourceQuality "1"]

1. e4 c5 2. Nf3 d6 3. d4 cxd4 4. Nxd4 Nf6 5. Nc3 a6 6. Be2 e5 7. Nb3 Be7 8. 0-0 0-0 9. Be3 Nbd7 10. a4 b6 11. f3 Bb7 12. Qd2 Qc7 13. Rfd1 Rac8 14. Rac1 Rfe8 15. Bf1 Bf8 16. g4 Nc5 17. Nxc5 dxc5 18. g5 Rcd8 19. Qe2 Nh5 20. Rxd8 Rxd8 21. Rd1 Nf4 22. Qe1 Be7 23. Bxf4 exf4 24. Nd5 Bxd5 25. exd5 Ra8 26. Qe4 Qd6 27. h4 g6 28. Re1 Kf8 29. Kg2 f6 30. h5 fxg5 31. hxg6 hxg6 32. Qd3 Rd8 33. c4 Qf6 34. b3 Rd6 35. Qe4 Qb2+ 36. Re2 Qg7 37. Qe5 Qf6 38. Re4 Kf7 39. Kf2 Qxe5 40. Rxe5 Bf6 41. Re4 Bd4+ 42. Ke2 Rf6 43. Bh3 Rd6 44. Kd3 Rf6 45. Re6 Rxe6 46. dxe6+ Ke7 47. Ke4 Kd6 48. Bg4 Bf6 49. Bh3 1/2-1/2

[Event "Hradec Kralove op"]
[Site "Hradec Kralove"]
[Date "2010.05.17"]
[Round "3"]
[White "Sedlacek, Jan"]
[Black "Majerik, Vladimir"]
[Result "1/2-1/2"]
[WhiteElo "1989"]
[BlackElo "1965"]
[PlyCount "46"]
[EventDate "2010.05.15"]
[EventType "swiss"]
[EventRounds "9"]
[EventCountry "CZE"]
[SourceTitle "CBM 136 Extra"]
[Source "ChessBase"]
[SourceDate "2010.07.02"]
[SourceVersion "2"]
[SourceVersionDate "2010.07.15"]
[SourceQuality "1"]

1. e4 c6 2. d4 d5 3. exd5 cxd5 4. c4 Nf6 5. Nc3 Nc6 6. Nf3 Bg4 7. cxd5 Nxd5 8. Be2 e6 9. 0-0 Be7 10. h3 Bh5 11. Qb3 Nb6 12. Qb5 Bg6 13. Ne5 Rc8 14. Bf3 Qc7 15. Bf4 Bd6 16. Nxc6 bxc6 17. Bxc6+ Qxc6 18. Bxd6 Qxb5 19. Nxb5 a6 20. Na3 Kd7 21. Bf4 Nc4 22. Nxc4 Rxc4 23. Be3 Rc2 1/2-1/2